Una carta, un papel... un e-mail? /
Guardado en:
| Autor Principal: | |
|---|---|
| Formato: | Libro |
| Publicado: |
Bahía Blanca :
,
1999
|
| Etiquetas: |
Agregar Etiqueta
Sin Etiquetas, Sea el primero en etiquetar este registro!
|
| LEADER | 00439nam a22001455a 4500 | ||
|---|---|---|---|
| 001 | CEM.cems016464 | ||
| 005 | 20100326164051.0 | ||
| 008 | 130507s1999##################000#0#####d | ||
| 003 | CEMS | ||
| 082 | 0 | 4 | |a F370 |
| 100 | 1 | |a Cesa, Marisa | |
| 245 | 1 | 0 | |a Una carta, un papel... un e-mail? / |c Cesa Marisa, Gabriela Chiappara y Susana Stassi |
| 260 | |a Bahía Blanca : |b , |c 1999 | ||
| 300 | |a 26 p. | ||
| 859 | |a CEMS |b BIB. CEMS - 11 de abril |h F370 |i C2/9 |p 1725.44 |t Ej.1 | ||
